Computer fundamental in C programming (Record no. 4970)

MARC details
000 -LEADER
fixed length control field 00458nam a2200157Ia 4500
003 - CONTROL NUMBER IDENTIFIER
control field SGT
020 ## - INTERNATIONAL STANDARD BOOK NUMBER
International Standard Book Number 9788190722483
082 ## - DEWEY DECIMAL CLASSIFICATION NUMBER
Classification number 5.133
Item number SIN
100 ## - MAIN ENTRY--PERSONAL NAME
Personal name Sindhu,Anju
245 ## - TITLE STATEMENT
Title Computer fundamental in C programming
260 ## - PUBLICATION, DISTRIBUTION, ETC. (IMPRINT)
Name of publisher, distributor, etc Vaya Education of India
Place of publication, distribution, etc New Delhi
Year of Publication 2008
300 ## - PAGE DESCRIPTION
No. of Pages 1272p.
650 ## - SUBJECT ADDED ENTRY--TOPICAL TERM
Topical term or geographic name as entry element COMUTER SCIENCE
653 ## - KEYWORDS--INDEX TERM
Keyword term BASIC CONCEPT,COMPUTER ORGANIZATION,COMPUTER LANGUAGE AND SOFTWARE,OPERATING SYSTEM,NUMBER SYSTEM
942 ## - ADDED ENTRY ELEMENTS (KOHA)
Source of classification or shelving scheme Dewey Decimal Classification
Koha item type Books
Holdings
Withdrawn status Lost status Source of classification or shelving scheme Damaged status Not for loan Home library Current library Date acquired SGTU Total Checkouts Full call number Accession No. (Barcode) Date last seen Bill Date Koha item type Date last borrowed
    Dewey Decimal Classification     SGT Engineering Library SGT Engineering Library 28/04/2010 SGTU   5.133 SIN FE1997 09/02/2015 09/02/2015 Books  
    Dewey Decimal Classification     SGT Engineering Library SGT Engineering Library 28/04/2010 SGTU   5.133 SIN FE1998 09/02/2015 09/02/2015 Books  
    Dewey Decimal Classification     SGT Engineering Library SGT Engineering Library 28/04/2010 SGTU 1 5.133 SIN FE1999 27/11/2018 09/02/2015 Books 30/10/2018